| 000 | 00333nam a22001337a 4500 | ||
|---|---|---|---|
| 020 | _a9780123744463 | ||
| 040 | _cNust | ||
| 082 |
_a531.3823 _bSAD |
||
| 100 |
_aSadd,. H Martin _991679 |
||
| 245 |
_aElasticity _bTheory, Applications, and Numerics |
||
| 260 |
_aUK: _bElsevier inc, _c2009. |
||
| 650 | _aElasticity | ||
| 942 |
_2ddc _cBK |
||
| 999 |
_c610197 _d610197 |
||